La educación visual en la escuela: didáctica de la plástica orientación para los ciclos inicial y medio

Salvato in:
Dettagli Bibliografici
Autori principali: Balada Monclus, Marta (Autore), Juanda Terradellas, Roser (Autore)
Natura: Libro
Lingua:spagnolo
Pubblicazione: Barcelona Paidós 1987
Serie:Biblioteca de pedagogía Paidós Rosa Sensat, 6
Soggetti:
Tags: Aggiungi Tag
Nessun Tag, puoi essere il primo ad aggiungerne!!

MARC

LEADER 00000nam a2200000 a 4500
001 UCY0345
003 CL-VaPUC
008 940725e19870000SP |||||||||||||||||spa|d
082 0 4 |a 372.5  |b BAL  |2 21 
100 0 |a Balada Monclus, Marta  |e author  |9 328001 
700 0 |a Juanda Terradellas, Roser  |e author  |9 328002 
245 1 3 |a La educación visual en la escuela: didáctica de la plástica orientación para los ciclos inicial y medio 
300 |a 187 p 
942 |c BK 
945 |d 19940725 00:00:00  |a rbrito 
260 |a Barcelona  |b Paidós  |c 1987 
650 0 |a Arte  |9 265238 
650 0 |a Enseñanza  |9 256457 
583 |a last modification  |c 19940725 00:00:00  |k Rodrigo Vera 
490 0 |a Biblioteca de pedagogía Paidós Rosa Sensat, 6 
999 |c 229360  |d 229358 
952 |0 0  |1 0  |4 0  |6 372_500000000000000_BAL_1987  |7 0  |8 A  |9 230390  |a BIBEDU  |b BIBEDU  |d 2019-11-15  |i 2996464  |o 372.5 BAL 1987  |p 2996464  |r 2019-11-15  |w 2019-11-15  |y BK  |k EPE